| 000 | 00504nam a2200169 i 4500 | ||
|---|---|---|---|
| 001 | 24883 | ||
| 003 | ES-MaACL | ||
| 005 | 20230906153143.0 | ||
| 007 | t| | ||
| 008 | 021219s1964 pr ||||1| spa d | ||
| 100 | 1 |
_aMillán Rivera, Pedro. _981157 |
|
| 245 | 1 | 0 |
_aAntología poética de Caguas / _cPedro Millán Rivera. |
| 260 |
_aSan Juan de Puerto Rico : _bClub de la Prensa, _c1964. |
||
| 300 |
_a245 p. ; _c20 cm. |
||
| 651 | 4 |
_aPuerto Rico- _xEn la literatura. _9145739 |
|
| 852 |
_aES-MaACL _jC-27978 |
||
| 999 |
_c24883 _d24883 |
||